000 00275nam a22001337a 4500
020 _a0-7214-0892-3
082 _a823
_bGRA/S
100 _aGRANT, JOHN
245 _aMASTERS OF THE UNIVERSE
260 _aUK
300 _a43
650 _aENGLISH SHORT STORY
_zUK
942 _cBK
999 _c4910
_d4910